Tappavimmat diktaattorit - Statistics

Yleistilastot
  • Tätä visaa on pelattu 135 kertaa
  • Keskiarvotulos 3 / 10
Vastaustilastot
Kuolemia aiheutettu Vastaus % Oikein
23 milj Josif Stalin
99%
17 milj Adolf Hitler
97%
49-78 milj Mao Zedong
50%
1,7 milj Pol Pot
49%
1,6 milj Kim Il-Sung
15%
12-15 milj Leopold ll
14%
5 milj Hideki Tojo
6%
400K-1,5milj Mengistu Haile Mariam
6%
2,5 milj Ismail Enver Pasha
2%
1,1 milj Yakubu gowon
2%
Ehtoja vastaavia visoja ei löytynyt
Tulosjakauma
Jokaisen tuloksen saaneiden osuus
Persentiili vastausten määrän mukaan
Tuloshistoriasi
Et ole pelannut tätä visaa